Aircraft Control and Simulation

Na minha lista:
Detalhes bibliográficos
Main Authors: Stevens, Brian L. (Author), Lewis, Frank L. (Author)
Formato: Livro
Idioma:inglês
Publicado em: Hoboken : John Wiley & Sons, 2003
Edição:2nd Edition
Assuntos:
Tags: Adicionar Tag
Sem tags, seja o primeiro a adicionar uma tag!

MARC

LEADER 00000nam a22000003a 4500
001 stu222427
005 20190206124615.8
008 110314s2003----xxu-----------------eng-d
040 |a STU  |b slo 
041 0 |a eng 
044 |a xxu 
080 |a 658.5 
080 |a 623.746.17 
100 1 |a Stevens, Brian L.  |4 aut 
245 1 |a Aircraft Control and Simulation 
250 |a 2nd Edition 
260 |a Hoboken :  |b John Wiley & Sons,  |c 2003 
300 |a 664 s 
650 7 |a Lietadlá  |2 stusub 
650 7 |a helikoptéra  |2 stusub 
650 7 |a kontrola a skúšanie  |2 stusub 
700 1 |a Lewis, Frank L.  |4 aut 
996 |b 284EK88626  |c E*88626  |l EE30  |s P  |a 0  |w stu222427_0001